| 000 | 01671cam a2200349 4500500 | ||
|---|---|---|---|
| 005 | 20260329012026.0 | ||
| 041 | _afre | ||
| 042 | _adc | ||
| 100 | 1 | 0 |
_aErb, Nyl _eauthor |
| 700 | 1 | 0 |
_aVairant, Muriel Falk _eauthor |
| 245 | 0 | 0 | _aAtaraxie et psychanalyse |
| 260 | _c2015. | ||
| 500 | _a73 | ||
| 520 | _aCet article met en parallèle la démarche de la Thérapie de Morita qui veut faire tendre le sujet vers un état d’ataraxie, c’est à dire l’absence de souffrance et la quiétude, et la démarche de La psychanalyse où le bonheur s’acquiert dans un combat pour se réaliser. Ces deux approches reposent sur deux philosophies différentes du monde qui tendent toutes les deux vers un idéal de paix et de bonheur. | ||
| 520 | _aThis article parallels the approach of Morita therapy whose goal is to lead the subject into a state of araraxia, ie quietness & lack of suffering versus the approach of psychoanalysis where happiness is acquired through a fight to fulhl oneself. Those approaches are based on two different philosnplies of the world although both of them rend towards an ideal of peace and happiness, | ||
| 690 | _aataraxie | ||
| 690 | _aculture | ||
| 690 | _aJapon | ||
| 690 | _aparole | ||
| 690 | _apsychanalyse | ||
| 690 | _asilence | ||
| 690 | _aThérapie de Morita | ||
| 690 | _aataraxia | ||
| 690 | _aculture | ||
| 690 | _aJapan | ||
| 690 | _aPMorita therapy | ||
| 690 | _apsychoanalysis | ||
| 690 | _asilence | ||
| 690 | _aspeech | ||
| 786 | 0 | _nPsy Cause | 70 | 3 | 2015-01-22 | p. 8-9 | 1245-2394 | |
| 856 | 4 | 1 | _uhttps://shs.cairn.info/revue-psy-cause-2015-3-page-8?lang=fr&redirect-ssocas=7080 |
| 999 |
_c1867211 _d1867211 |
||